ACNH fish - Statistics

General Stats
  • This quiz has been taken 95 times
  • The average score is 37 of 80
Answer Stats
Answer % Correct
Sea Bass
93%
Hammerhead Shark
85%
Black Bass
81%
Great White Shark
81%
Goldfish
74%
Frog
70%
Salmon
70%
Carp
67%
Whale Shark
67%
Dorado
59%
Football Fish
59%
Olive Flounder
59%
Ribbon Eel
59%
Tuna
59%
King Salmon
56%
Koi
56%
Mahi-Mahi
56%
Snapping Turtle
56%
Suckerfish
56%
Surgeonfish
56%
Zebra Turkeyfish
56%
Anchovy
52%
Clownfish
52%
Dab
52%
Golden Trout
52%
Horse Mackerel
52%
Oarfish
52%
Sea Butterfly
52%
Sturgeon
52%
Barreleye
48%
Coelacanth
48%
Moray Eel
48%
Puffer Fish
48%
Seahorse
48%
Soft-shelled Turtle
48%
Arapaima
44%
Blue Marlin
44%
Cherry Salmon
44%
Crucian Carp
44%
Dace
44%
Ranchu Goldfish
44%
Red Snapper
44%
Stringfish
44%
Tadpole
44%
Butterfly Fish
41%
Giant Trevally
41%
Napoleonfish
41%
Ocean Sunfish
41%
Pale Chub
41%
Pop-eyed Goldfish
41%
Ray
41%
Saw Shark
41%
Squid
41%
Arowana
37%
Bitterling
37%
Blowfish
37%
Crawfish
37%
Gar
37%
Sweetfish
37%
Angelfish
33%
Freshwater Goby
33%
Killifish
33%
Piranha
33%
Rainbow Fish
33%
Betta
30%
Bluegill
30%
Catfish
30%
Char
30%
Guppy
30%
Neon Tetra
30%
Nibble Fish
30%
Pond Smelt
30%
Tilapia
30%
Yellow Perch
30%
Barred Knifejaw
26%
Mitten Crab
26%
Pike
26%
Giant Snake Head
22%
Loach
22%
Saddled Bichir
19%
No matching quizzes found
Score Distribution
Percent of People with Each Score
Percentile by Number Answered
Your Score History
You have not taken this quiz